| 000 | 00196nam a22000737a 4500 | ||
|---|---|---|---|
| 999 |
_c24624 _d24624 |
||
| 003 | NUST | ||
| 005 | 20170615134717.0 | ||
| 008 | 140617b xxu||||| |||| 00| 0 eng d | ||
| 020 | _cAvailable | ||
| 022 | _a00221120 | ||
| 040 |
_aDLC _bDLC _cRCMS |
||
| 082 | _a532.14 CAM | ||
| 100 |
_aCambridge University Press. _92672 |
||
| 245 |
_aJournal of Fluid Mechanics vol 701 _cCambridge University Press. |
||
| 260 |
_aUSA _bCambridge University Press. _c25,June,2012 |
||
| 300 |
_a510,p: _bill _c22,cm. |
||
| 440 |
_vVolume:701 _92754 |
||
| 500 | _aContents continued on inside back cover. | ||
| 538 | _iShelf No 1 Row No 6 | ||
| 650 |
_aFluid Mechanics _91678 |
||
| 942 |
_2ddc _cCR |
||